Fast algorithms for signal processing (Record no. 75217)

MARC details
000 -LEADER
fixed length control field 00635 a2200181 4500
005 - DATE AND TIME OF LATEST TRANSACTION
control field 20240830120633.0
008 - FIXED-LENGTH DATA ELEMENTS--GENERAL INFORMATION
fixed length control field 121006t xxu||||| |||| 00| 0 eng d
020 ## - INTERNATIONAL STANDARD BOOK NUMBER
International Standard Book Number 9780511760921
100 ## - MAIN ENTRY--PERSONAL NAME
Personal name Blahut, Richard E
245 ## - TITLE STATEMENT
Title Fast algorithms for signal processing
260 ## - PUBLICATION, DISTRIBUTION, ETC. (IMPRINT)
Name of publisher, distributor, etc Cambridge University Press
Date of publication, distribution, etc 2011
Place of publication, distribution, etc Cambridge
653 ## - INDEX TERM--UNCONTROLLED
Uncontrolled term Engineering
653 ## - INDEX TERM--UNCONTROLLED
Uncontrolled term Communications and signal processing
653 ## - INDEX TERM--UNCONTROLLED
Uncontrolled term Discrete mathematics
653 ## - INDEX TERM--UNCONTROLLED
Uncontrolled term Information theory and coding theory
856 ## - ELECTRONIC LOCATION AND ACCESS
Uniform Resource Identifier https://www.cambridge.org/core/books/fast-algorithms-for-signal-processing/E35F46175F3558980873443CA8A6A4FD
942 ## - ADDED ENTRY ELEMENTS (KOHA)
item type E-books
Holdings
Lost status Source of classification or shelving scheme Not for loan Home library Current library Date acquired Cost, normal purchase price Total Checkouts Barcode Date last seen Cost, replacement price Price effective from Koha item type
  Universal Decimal Classification   University Library University Library 16/06/2012 0.00   EB000036 16/06/2012 0.00 16/06/2012 E-books
University Library, CUSAT